000 00625nam a22002417a 4500
003 UA-OsUOA
001 94276
007 ta
008 20130206b un ||||| |||| 00| 0 ukr d
100 _aГорький М.
090 _a821.161.1
_bГ71
942 _cBK
040 _aUA-OsUOA
_brus
_cUA-OsUOA
_dUA-OsUOA
245 _aДетство
300 _a208 с.
_bІлюстрації
955 _a0
041 _arus
080 _a821.161.1
260 _aМосква
_bПросвещение
_c1982
044 _aRU
650 7 _a82 Література. Літературознавство
_2UDC
999 _c380524
_d380524